000 00259nam a2200109Ia 4500
008 190914s9999||||xx |||||||||||||| ||und||
100 _aJim Geier
245 0 _aWireless Networks First-Step
260 _aNew Jersey
_bWilley
_c1996
300 _a816
942 _cBK
999 _c9526
_d9526